Billateral academic forum Slovakia - France in the perspective of international policy of Slovak Republic [proceedings] : international scientific conference : Fakulta managementu Univerzity Komenského, Bratislava, november 25th, 2016

Salvato in:
Dettagli Bibliografici
Enti autori: Billateral academic forum Slovakia - France in the perspective of international policy of Slovak Republic. International scientific conference, Fakulta managementu Univerzity Komenského v Bratislave. Katedra ekonómie a financií
Altri autori: Sysáková, Viera, Nováčková, Daniela
Natura: Libro
Lingua:inglese
slovacco
francese
Pubblicazione: Praha Wolters Kluwer 2016
Edizione:1st ed.
Soggetti:
Tags: Aggiungi Tag
Nessun Tag, puoi essere il primo ad aggiungerne!!

MARC

LEADER 00000nlm a2200000 4500
001 0234258
005 20240514064209.7
020 |a 978-80-7552-541-3 
041 0 |a eng 
041 0 |a slo 
041 0 |a fre 
044 |a CZ 
245 1 0 |a Billateral academic forum Slovakia - France in the perspective of international policy of Slovak Republic  |b [proceedings] : international scientific conference : Fakulta managementu Univerzity Komenského, Bratislava, november 25th, 2016  |c reviewers: Viera Sysáková, Daniela Nováčková ... [et al.] 
250 |a 1st ed. 
264 1 |a Praha  |b Wolters Kluwer  |c 2016 
300 |a CD-ROM [206 s.] 
610 2 0 |a politika zahraničná 
610 2 0 |a politika medzinárodná 
610 2 0 |a integrácia ekonomická medzinárodná 
610 2 0 |a vzťahy medzinárodné 
610 2 0 |a organizácie medzinárodné 
610 2 0 |a podnikanie 
610 2 0 |a vzdelávanie 
610 2 0 |a sily pracovné 
610 2 0 |a trh práce 
610 2 0 |a rozvoj trvalo udržateľný 
610 2 0 |a migrácia 
610 2 0 |a Slovensko 
610 2 0 |a Francúzsko 
700 1 |a Sysáková, Viera 
700 1 |a Nováčková, Daniela 
110 2 |a Billateral academic forum Slovakia - France in the perspective of international policy of Slovak Republic. International scientific conference 
710 2 |a Fakulta managementu Univerzity Komenského v Bratislave. Katedra ekonómie a financií